000 00471nam a2200193Ia 4500
005 20250425162654.0
008 250425s9999 xx 000 0 und d
020 _a9978408967
041 _aspa
082 _a330.973092
100 _aLUCIO PAREDES, PABLO
245 0 _aCIMAS, ABISMOS Y TEMPESTADES DE LA ECONOMIA
250 _aS.E
260 _aSin Pais
_bMENDOPAL
_c1999
300 _a294
650 _aINFORMACION ECONOMICA
942 _c01
010 _a95696
999 _c234069
_d234069